| 000 | 004630000a22001810004500 | ||
|---|---|---|---|
| 003 | LK-CoMWRAF | ||
| 005 | 20240309164633.0 | ||
| 008 | 230817t ||||| |||| 00| 0 eng d | ||
| 040 |
_aLK-CoMWRAF _dLK-CoMWRAF _eLK-CoMWRAF |
||
| 041 | _aeng | ||
| 082 |
_a297.6 _bYUS |
||
| 100 | _aYusuf, S.M. | ||
| 245 | _aThe Relevance of the Sirah and the Sunnah to the modern age | ||
| 260 |
_aKarachi: _bAuthor, |
||
| 300 | _a24 p. | ||
| 650 | _aISLAMIC LAW | ||
| 942 | _cBK | ||
| 999 |
_c1999 _d1999 |
||